000 00393nam a22001337a 4500
999 _c533701
_d533701
020 _a978-0387983233
040 _cMSOHAIL
082 _a577.640979
_bNAI
100 _aS. Kantor ; Robert J. Naiman ; Robert E. Bilby
_927662
245 _aRiver Ecology and Management: Lessons from the Pacific Coastal Ecoregion
260 _aLondon
_bSpringer
_cc1998
300 _a705;p;xv
942 _2ddc
_cBK